La tragedia del bosque chileno
Sábháilte in:
| Údar corparáideach: | |
|---|---|
| Formáid: | LEABHAR |
| Teanga: | Spáinnis |
| Foilsithe / Cruthaithe: |
Santiago, Chile
Ocho Libros Editores
1998
|
| Ábhair: | |
| Clibeanna: |
Cuir clib leis
Níl clibeanna ann, Bí ar an gcéad duine le clib a chur leis an taifead seo!
|
MARC
| LEADER | 00000nam a2200000 a 4500 | ||
|---|---|---|---|
| 001 | UCP0474 | ||
| 003 | CL-VaPUC | ||
| 005 | 20220517074355.0 | ||
| 008 | 990313e19980000CL |||||||||||||||||spa|d | ||
| 999 | |c 279254 |d 279252 | ||
| 040 | |c Pontificia Universidad Católica de Valparaíso | ||
| 082 | 0 | 4 | |a 634.983 DEF 1998 |2 21 |
| 110 | 2 | |a Defensores del Bosque Chileno |9 425780 | |
| 245 | 1 | 3 | |a La tragedia del bosque chileno |
| 260 | 0 | 3 | |a Santiago, Chile |b Ocho Libros Editores |c 1998 |
| 300 | |a 395 páginas | ||
| 500 | |a ALGUNOS EJEMPLARES EN INST.DE GEOGRAFIA POR PROY.MINEDUC | ||
| 583 | |a last modification |c 19990313 00:00:00 |k Rodrigo Vera | ||
| 650 | 7 | |a SILVICULTURA |2 CL-VaPUC |9 264178 | |
| 650 | 0 | |a Bosque chileno |9 425781 | |
| 650 | 7 | |a ECOSISTEMA |2 CL-VaPUC |9 347937 | |
| 650 | 0 | |a Ecología |9 258124 | |
| 650 | 0 | |a Erosión |9 262782 | |
| 650 | 7 | |a COMERCIO INTERNACIONAL |2 CL-VaPUC |9 425782 | |
| 650 | 7 | |a BOSQUES NATIVOS |2 CL-VaPUC |9 373720 | |
| 650 | 0 | |a Medio ambiente |9 257625 | |
| 650 | 7 | |a PLANTACIONES |2 CL-VaPUC |9 264391 | |
| 942 | |c BK |2 ddc | ||
| 945 | |d 19990313 00:00:00 |a rbrito | ||
| 952 | |0 0 |1 0 |2 ddc |4 0 |6 634_983000000000000_DEF_1998 |7 0 |8 R |9 318229 |a BIBAGR |b BIBAGR |d 2019-11-20 |i 3505014 |o 634.983 DEF 1998 |p 3505014 |r 2025-01-20 |t 5 |w 2019-11-20 |y BK_R |k AGR | ||
| 952 | |0 0 |1 0 |2 ddc |4 0 |6 634_983000000000000_DEF_1998 |7 0 |8 R |9 318230 |a BIBAGR |b BIBAGR |d 2019-11-20 |i 3505022 |o 634.983 DEF 1998 |p 3505022 |r 2025-01-20 |t 6 |w 2019-11-20 |y BK_R |k AGR | ||
| 952 | |0 0 |1 0 |2 ddc |4 0 |6 634_983000000000000_DEF_1998 |7 0 |8 R |9 318231 |a BIBAGR |b BIBAGR |d 2019-11-20 |i 3505189 |o 634.983 DEF 1998 |p 3505189 |r 2025-01-20 |t 7 |w 2019-11-20 |y BK_R |k AGR | ||
| 952 | |0 0 |1 0 |2 ddc |4 0 |6 634_983000000000000_DEF_1998 |7 0 |8 R |9 318232 |a BIBAGR |b BIBAGR |d 2019-11-20 |i 3505197 |o 634.983 DEF 1998 |p 3505197 |r 2025-01-20 |t 8 |w 2019-11-20 |y BK_R |k AGR | ||
| 952 | |0 0 |1 0 |2 ddc |4 0 |6 634_983000000000000_DEF_1998 |7 0 |8 R |9 318233 |a BIBAGR |b BIBAGR |d 2019-11-20 |i 3505200 |o 634.983 DEF 1998 |p 3505200 |r 2025-01-20 |t 9 |w 2019-11-20 |y BK_R |k AGR | ||
| 952 | |0 0 |1 0 |2 ddc |4 0 |6 634_983000000000000_DEF_1998 |7 0 |8 A |9 318234 |a BIBING |b BIBING |d 2019-11-20 |i 3530256 |l 1 |o 634.983 DEF 1998 |p 3530256 |r 2025-04-21 |s 2025-04-21 |t 3 |w 2019-11-20 |y BK |k GEO | ||
| 952 | |0 0 |1 0 |2 ddc |4 0 |6 634_983000000000000_DEF_1998 |7 0 |8 A |9 318237 |a BIBING |b BIBING |d 2019-11-20 |i 3784266 |o 634.983 DEF 1998 |p 3784266 |r 2025-01-20 |t 4 |w 2019-11-20 |y BK |k GEO | ||